The ground breaking : an American city and its ... Read More
Available copies
- 2 of 2 copies available at LARL/NWRL Consortium.
- 2 of 2 copies available at Lake Agassiz Regional Library. (Show preferred library)
Current holds
0 current holds with 2 total copies.
Show Only Available Copies
| Location | Call Number / Copy Notes | Barcode | Shelving Location | Status | Due Date |
|---|---|---|---|---|---|
| Crookston Public Library | 305.8009 ELL (Text) | 33500013406012 | Main | Available | - |
| Moorhead Public Library | 305.8009 ELL (Text) | 33500013406020 | Main | Available | - |
Record details
- ISBN: 9780593182987
- ISBN: 0593182987
- Physical Description: pages cm
- Publisher: [New York] : Dutton, [2021]
Content descriptions
| Bibliography, etc. Note: | Includes bibliographical references and index. |
| Formatted Contents Note: | 1921 -- After -- Awakenings -- Two Summers -- ... Read More |
| Summary, etc.: | "The definitive, newsbreaking account of the ... Read More |
Search for related items by subject
| Genre: | History. |
| LDR | 04016cam a22005898i 4500 | ||
|---|---|---|---|
| 001 | 359647 | ||
| 003 | LARL_NWRL_CONSORTIUM | ||
| 005 | 20210212112100.0 | ||
| 008 | 201222s2021 nyu b 001 0deng | ||
| 010 | . | ‡a 2020057916 | |
| 040 | . | ‡aDLC ‡beng ‡erda ‡cDLC ‡dOCLCO ‡dOCLCF ‡dOCLCO | |
| 020 | . | ‡a9780593182987 ‡q(hardcover) | |
| 020 | . | ‡a0593182987 | |
| 020 | . | ‡z9780593183007 ‡q(ebook) | |
| 035 | . | ‡a(OCoLC)1200578212 | |
| 042 | . | ‡apcc | |
| 043 | . | ‡an-us-ok | |
| 082 | 0 | 0. | ‡a305.8009766/86 ‡223 |
| 100 | 1 | . | ‡aEllsworth, Scott ‡c(Historian), ‡eauthor. |
| 245 | 1 | 4. | ‡aThe ground breaking : ‡ban American city and its search for justice / ‡cScott Ellsworth. |
| 246 | 3 | 0. | ‡aAmerican city and its search for justice |
| 264 | 1. | ‡a[New York] : ‡bDutton, ‡c[2021] | |
| 300 | . | ‡apages cm | |
| 336 | . | ‡atext ‡btxt ‡2rdacontent | |
| 337 | . | ‡aunmediated ‡bn ‡2rdamedia | |
| 338 | . | ‡avolume ‡bnc ‡2rdacarrier | |
| 504 | . | ‡aIncludes bibliographical references and index. | |
| 505 | 0 | . | ‡a1921 -- After -- Awakenings -- Two Summers -- Death in a Promised Land -- Where are the rest? -- The Lady With a Cane -- Calls and Camera Crews -- Reparations and Reprisals -- The Steps to Nowhere -- Rolexes and Pickup Trucks -- Reminding a City of Her Sins -- Breaking Ground -- Bodies of Evidence -- The Dirt Whisperers. |
| 520 | . | ‡a"The definitive, newsbreaking account of the ongoing investigation into the Tulsa race massacre In the late spring of 1921, Tulsa, Oklahoma, erupted into the worst single incident of racial violence in American history. Over the course of sixteen hours, mobs of white men and women looted and burned to the ground a prosperous African American community, known today as Black Wall Street. More than one thousand homes and businesses were destroyed, and scores, possibly hundreds, of people lost their lives. Then, for nearly a half century, the story of the massacre was actively suppressed. Official records disappeared, history textbooks ignored the tragedy, and citizens were warned to keep silent. Now nearly one hundred years after that horrible day, historian Scott Ellsworth returns to his hometown to tell the untold story of how America's foremost hidden racial tragedy was finally brought to light, and the unlikely cast of characters that made it happen. Part true-crime saga, part archaeological puzzle, and part investigative journalism, The Ground Breaking weaves in and out of recent history, the distant past, and the modern day to tell a compelling story of a city-and a nation-struggling to come to terms with the dark corners of its past"-- ‡cProvided by publisher. | |
| 650 | 0. | ‡aTulsa Race Massacre, Tulsa, Okla., 1921. | |
| 650 | 0. | ‡aAfrican Americans ‡xViolence against ‡zOklahoma ‡zTulsa ‡xHistory ‡y20th century. | |
| 651 | 0. | ‡aGreenwood (Tulsa, Okla.) ‡xRace relations ‡xHistory ‡y20th century. | |
| 651 | 0. | ‡aGreenwood (Tulsa, Okla.) ‡xHistory ‡y20th century. | |
| 651 | 0. | ‡aTulsa (Okla.) ‡xRace relations ‡xHistory ‡y20th century. | |
| 650 | 0. | ‡aExhumation ‡zOklahoma ‡zTulsa ‡xHistory ‡y21st century. | |
| 650 | 0. | ‡aForensic archaeology ‡zOklahoma ‡zTulsa ‡xHistory ‡y21st century. | |
| 650 | 0. | ‡aAfrican Americans ‡xReparations ‡zOklahoma ‡zTulsa ‡xHistory ‡y21st century. | |
| 650 | 7. | ‡aAfrican Americans ‡xReparations. ‡2fast ‡0(LARL_NWRL_CONSORTIUM)157354 | |
| 650 | 7. | ‡aExhumation. ‡2fast ‡0(LARL_NWRL_CONSORTIUM)19830 | |
| 650 | 7. | ‡aForensic archaeology. ‡2fast ‡0(LARL_NWRL_CONSORTIUM)170138 | |
| 650 | 7. | ‡aRace relations. ‡2fast ‡0(LARL_NWRL_CONSORTIUM)29266 | |
| 651 | 7. | ‡aOklahoma ‡zTulsa. ‡2fast | |
| 647 | 7. | ‡aTulsa Race Massacre ‡c(Tulsa, Oklahoma : ‡d1921) ‡2fast ‡0(OCoLC)fst02009167 | |
| 648 | 7. | ‡a1900-2099 ‡2fast | |
| 655 | 7. | ‡aHistory. ‡2fast | |
| 776 | 0 | 8. | ‡iOnline version: ‡aEllsworth, Scott (Historian) ‡tGround breaking ‡d[New York] : Dutton, [2021] ‡z9780593183007 ‡w(DLC) 2020057917 |
| 905 | . | ‡uvanderl | |
| 901 | . | ‡a359647 ‡b ‡c359647 ‡tbiblio ‡soclc | |

Add to basket
Permalink
Disable Highlighting